书目信息 |
| 题名: |
中国古代建筑十论
|
|
| 作者: | 傅熹年 著 | |
| 分册: | ||
| 出版信息: | 上海 复旦大学出版社 2004 |
|
| 页数: | 355页 | |
| 开本: | 21cm | |
| 丛书名: | 名家专题精讲系列 | |
| 单 册: | ||
| 中图分类: | TU-092.2 | |
| 科图分类: | ||
| 主题词: | 建筑史--中国--古代 | |
| 电子资源: | ||
| ISBN: | 7-309-03970-X | |
| 000 | 00675nam 2200229 450 | |
| 001 | 0159325885 | |
| 005 | 20050523173256.23 | |
| 010 | @a7-309-03970-X@dCNY 20.00 | |
| 100 | @a20050303d2004 km y0chiy0120 ea | |
| 101 | 0 | @achi |
| 102 | @aCN@b310000 | |
| 105 | @aa z 000yy | |
| 200 | 1 | @a中国古代建筑十论@Azhong guo gu dai jian zhu shi lun@f傅熹年著@Ffu xi nian zhu |
| 210 | @a上海@c复旦大学出版社@d2004 | |
| 215 | @a355页@c图@d21cm | |
| 225 | 2 | @a名家专题精讲系列@h第三辑 |
| 410 | 0 | @12001 @a名家专题精讲系列 |
| 606 | 0 | @a建筑史@y中国@z古代 |
| 690 | @aTU-092.2@v4 | |
| 701 | 0 | @a傅熹年@Afu xi nian@4著 |
| 801 | 0 | @aCN@bQSSK@c20050523 |
| 905 | @a10447@dTU-092.2@eF964 | |
| 中国古代建筑十论/傅熹年著.-上海:复旦大学出版社,2004 |
| 355页:图;21cm.-(名家专题精讲系列.第三辑) |
| ISBN 7-309-03970-X:CNY 20.00 |
| ● |
| 相关链接 |
|
|
|
正题名:中国古代建筑十论
索取号:TU-092.2/F964
 
预约/预借
| 序号 | 登录号 | 条形码 | 馆藏地/架位号 | 状态 | 备注 |
| 1 | 498485 | 204984856 | 建筑库101/101建筑库 6排3列2层/ [索取号:TU-092.2/F964] | 在馆 | |
| 2 | 498486 | 204984865 | 建筑库101/101建筑库 6排3列2层/ [索取号:TU-092.2/F964] | 在馆 | |
| 3 | 498487 | 204984874 | 建筑库101/101建筑库 6排3列2层/ [索取号:TU-092.2/F964] | 在馆 |